মোগল রাজধানী ঢাকা / (Record no. 64822)
[ view plain ]
| 000 -LEADER | |
|---|---|
| fixed length control field | 01122nam a2200253 a 4500 |
| 001 - CONTROL NUMBER | |
| control field | 64822 |
| 003 - CONTROL NUMBER IDENTIFIER | |
| rucl marc code | BD-RjUL |
| 005 - DATE AND TIME OF LATEST TRANSACTION | |
| control field | 20211209081344.0 |
| 008 - FIXED-LENGTH DATA ELEMENTS--GENERAL INFORMATION | |
| fixed length control field | 170222s1994 bg |||| |||| 000 0 ben d |
| 020 ## - INTERNATIONAL STANDARD BOOK NUMBER | |
| International Standard Book Number | 9840744662 |
| Terms of availability | : Tk. 90.00 |
| 035 ## - SYSTEM CONTROL NUMBER | |
| System control number | (BD-RjUL)64952 |
| 040 ## - CATALOGING SOURCE | |
| Original cataloging agency | BD-RjUL |
| Language of cataloging | ben |
| Transcribing agency | BD-RjUL |
| Modifying agency | BD-RjUL |
| 041 ## - LANGUAGE CODE | |
| Language code of text/sound track or separate title | ben |
| 082 ## - DEWEY DECIMAL CLASSIFICATION NUMBER | |
| Edition number | 23 |
| Classification number | 954.922 |
| Author mark and year | KAM 1994 |
| 100 1# - MAIN ENTRY--PERSONAL NAME | |
| Personal name | করিম, আবদুল |
| 9 (RLIN) | 170404 |
| 245 1# - TITLE STATEMENT | |
| Title | মোগল রাজধানী ঢাকা / |
| Statement of responsibility, etc. | করিম, আবদুল ; অনুবাদক- মোহাম্মদ মুহিবউল্ল্যাহ ছিাদ্দকী |
| 260 ## - PUBLICATION, DISTRIBUTION, ETC. (IMPRINT) | |
| Place of publication, distribution, etc. | ঢাকা : |
| Name of publisher, distributor, etc. | বাংলা একাডেমী ; |
| Date of publication, distribution, etc. | ১৯৯৪ [১৪০১] |
| 300 ## - PHYSICAL DESCRIPTION | |
| Pagination | ৯৫ পৃ. ; |
| Size | ১৯ সেমি. |
| 504 ## - BIBLIOGRAPHY, ETC. NOTE | |
| Bibliography, etc | গ্রন্থপঞ্জি সংযুক্ত |
| 651 ## - SUBJECT ADDED ENTRY--GEOGRAPHIC NAME | |
| Geographic name | ঢাকা (বাংলাদেশ) |
| General subdivision | ইতিহাস |
| 9 (RLIN) | 192191 |
| Geographic name | Dhaka (Bangladesh) |
| General subdivision | History |
| 9 (RLIN) | 192192 |
| 700 ## - ADDED ENTRY--PERSONAL NAME | |
| Personal name | ছিাদ্দকী, মোহাম্মদ মুহিবউল্ল্যাহ |
| 942 ## - ADDED ENTRY ELEMENTS (KOHA) | |
| Source of classification or shelving scheme | Dewey Decimal Classification |
| Koha item type | Books |
| Lost status | Source of classification or shelving scheme | Damaged status | Not for loan | Collection code | Permanent Location | Current Location | Shelving location | Date acquired | Cost, normal purchase price | Total Checkouts | Full call number | Date last seen | Copy number | Koha item type |
|---|---|---|---|---|---|---|---|---|---|---|---|---|---|---|
| Dewey Decimal Classification | Not For Loan | Non-fiction | Central Library, University of Rajshahi | Central Library, University of Rajshahi | Reading Room | 09/06/2011 | 90.00 | B 954.922 KAM 1994 | 22/02/2017 | C-1 | Books |